| 000 | 00995cam a2200325 i 4500 | ||
|---|---|---|---|
| 999 |
_c200452592 _d70804 |
||
| 001 | 200452592 | ||
| 003 | TR-AnTOB | ||
| 005 | 20240814073635.0 | ||
| 007 | ta | ||
| 008 | 011225s1968 tu a 000 0 tur d | ||
| 035 | _a(TR-AnTOB)200452592 | ||
| 040 |
_aTR-AnTOB _beng _erda _cTR-AnTOB |
||
| 041 | 0 | _atur | |
| 050 | 1 | 4 |
_aDR593 _b.S59 1968 |
| 090 |
_aDR593 _b.S59 1968 |
||
| 245 | 0 | 0 |
_aSiyasi ve ekonomik yönleriyle Türkiye Cumhuriyeti / _ceditör: Fahri Baraç. |
| 246 | 3 | 4 | _aTürkiye Cumhuriyeti |
| 264 | 1 |
_aAnkara : _b[publisher not identified], _c1968. |
|
| 300 |
_a461 pages : _billustrations ; _c34 cm |
||
| 336 |
_atext _btxt _2rdacontent |
||
| 337 |
_aunmediated _bn _2rdamedia |
||
| 338 |
_avolume _bnc _2rdacarrier |
||
| 504 | _aBIB | ||
| 651 | 7 |
_aTürkiye _xSiyaset ve yönetim _2 _9120128 |
|
| 651 | 7 |
_aTürkiye _xEkonomik durum _2etuturkob _980633 |
|
| 700 | 1 |
_aBaraç, Fahri _eeditor _9137395 |
|
| 942 |
_2lcc _cBK |
||